000 00613nam a2200241Ia 4500
003 OSt
005 20220918182204.0
006 a|||||r|||| 00| 0
007 ta
008 220917b |||||||| |||| 00| 0 eng d
024 _a31,141
037 _cTextual
040 _aARTS
_cARTS
_beng
041 _2eng
_aeng
082 _aO-:gK, H3
100 _aTillyard E M W
245 0 _aElizabethan world picture
260 _aLondon
_bChatto and Windus
_c1943
300 _a108[/
_ccm.
650 _aENGLISH LITERATURE
942 _hO-:gK, H3
_cTEXL
_2CC
999 _c168117
_d168117